00651nam a2200229 a 4500001001300000003000900013005001700022008004100039020001000080082001400090100001900104245002600123260003300149300000900182500003500191505001700226700001900243902000800262942000700270952012700277999001700404nice12345678IN_TiNIC20260116013437.0050524s1951 newa grp 000 0 eng  ac29400a190bKAN1 aKant, Immanuel aCritique of Judgement aNew YorkbHafner Pressc1951 a339p aincludes index and biblioraphy2 aNotes, Index1 aKant, Immanuel bSRS cBK 001040708StackRoom-aHMIbHMId2008-06-19g294.00l2o190 KAN1p018958r2018-09-25s2018-09-12v294.00w2005-05-24yBK c11006d11006